| 000 | 01002nac a22003257a 4500 | ||
|---|---|---|---|
| 001 | BR0805956 | ||
| 003 | BR-BrBNA | ||
| 005 | 20240105123655.0 | ||
| 008 | 230509b bl.|||m| |||| 00| 0 por d | ||
| 040 |
_aBR-BrBNA _bpor _cBiblioteca Nacional de Agricultura |
||
| 072 | _aE14 | ||
| 090 | _aE14 BR0805956 | ||
| 100 | 1 | _aBrandão, I.C.D. | |
| 100 | 1 | _aFurlan Júnior, J. | |
| 100 | 1 | _aMatos, L.M.S. de | |
| 100 | 1 | _aDias Filho, M.B. | |
| 100 | 1 | _aSouza, V.B. | |
| 100 | 1 | _aLemos, W. de P. | |
| 110 | 1 | _aEMBRAPA Amazônia Oriental, Belém, PA (Brasil) | |
| 245 | 1 | _a3. Plano Diretor da EMBRAPA Amazônia Oriental 2004 - 2007 | |
| 260 | 3 |
_aBelém, PA (Brasil): _c2005. |
|
| 300 | _a53 p. | ||
| 490 |
_aDocumentos - EMBRAPA Amazônia Oriental (Brazil) _vno. 223 _xISSN 1517-2201 |
||
| 650 | _aAGRICULTURA | ||
| 650 | _aAGRONEGÓCIO | ||
| 650 | _aDESENVOLVIMENTO AGRÍCOLA | ||
| 650 | _aPESQUISA AGRÍCOLA | ||
| 909 |
_a202312 _bLúcia Elande _c55 _dLúcia Elande |
||
| 942 |
_2AGRIS _n0 _cMS |
||
| 999 |
_c296488 _d296488 |
||